Statistical theory of communication / (Record no. 192600)

MARC details
000 -LEADER
fixed length control field 00680nam a2200217Ia 4500
005 - DATE AND TIME OF LATEST TRANSACTION
control field 20220726112435.0
008 - FIXED-LENGTH DATA ELEMENTS--GENERAL INFORMATION
fixed length control field 210716s2008 xx 000 0 und d
020 ## - INTERNATIONAL STANDARD BOOK NUMBER
International Standard Book Number 9788122411270
040 ## - CATALOGING SOURCE
Transcribing agency AIMIT LIBRARY
041 ## - LANGUAGE CODE
Language code of text/sound track or separate title eng
082 ## - DEWEY DECIMAL CLASSIFICATION NUMBER
Classification number 519.5
Edition number 1
Item number XAVS
100 ## - MAIN ENTRY--PERSONAL NAME
Personal name Xavier, S P Eugene.
9 (RLIN) 53279
245 ## - TITLE STATEMENT
Title Statistical theory of communication /
Statement of responsibility, etc. By S P Eugene Xavier.
250 ## - EDITION STATEMENT
Edition statement 1st ed.
260 ## - PUBLICATION, DISTRIBUTION, ETC.
Place of publication, distribution, etc. New Delhi :
Name of publisher, distributor, etc. New Age International Pvt Ltd ,
Date of publication, distribution, etc. 2008.
300 ## - PHYSICAL DESCRIPTION
Extent 490p. ;
Dimensions 24 cm.
650 ## - SUBJECT ADDED ENTRY--TOPICAL TERM
Topical term or geographic name entry element Information measure
9 (RLIN) 53280
650 ## - SUBJECT ADDED ENTRY--TOPICAL TERM
Topical term or geographic name entry element Transmission through networks
9 (RLIN) 53281
650 ## - SUBJECT ADDED ENTRY--TOPICAL TERM
Topical term or geographic name entry element Estimation of parameters
9 (RLIN) 53282
942 ## - ADDED ENTRY ELEMENTS (KOHA)
Source of classification or shelving scheme Dewey Decimal Classification
Koha item type Book
Edition 1st
Call number prefix 519.5 XAVS
Holdings
Withdrawn status Lost status Source of classification or shelving scheme Damaged status Not for loan Collection code Home library Current library Source of acquisition Cost, normal purchase price Inventory number Total Checkouts Full call number Barcode Date last seen Cost, replacement price Price effective from Koha item type
    Dewey Decimal Classification     MCA St Aloysius Institute of Management & Information Technology St Aloysius Institute of Management & Information Technology Knowledge World 235.00 Bill no:1187; Bill dt:2012-01-27   519.5 XAVS MCA11532 07/21/2025 176.25 07/16/2021 Book
    Dewey Decimal Classification     MCA St Aloysius Institute of Management & Information Technology St Aloysius Institute of Management & Information Technology Knowledge World 235.00 Bill no:16/12-13; Bill dt:2012-0   519.5 XAVS MCA12108 07/21/2025 176.25 07/16/2021 Book